Bangladesh studies : towards a multi-disciplinary understanding of Bangladesh /

Bibliografske podrobnosti
Glavni avtor: Siddiqui, Kamal (Author)
Format: Knjiga
Jezik:English
Izdano: Dhaka, Bangladesh : Academic Press and Publishers Library, 2025.
Teme:
Classic Catalogue: View this record in Classic Catalogue
LEADER 06365nam a2200505 i 4500
001 44827
003 BD-DhAAL
005 20250921140951.0
008 210925t2025 bg b 000 0 eng
010 |a  2025352726 
020 |a 9789849921097 
025 |a B-E-2025352726; 22-92 
037 |b Library of Congress -- New Delhi Overseas Office 
040 |a DLC  |b eng  |e rda  |c DLC  |d DLC  |d DLC-MRC  |d DLC  |d BD-DhAAL 
042 |a lcode  |a pcc 
043 |a a-bg--- 
050 0 0 |a DS395.5  |b .S534 2025 
082 |a 954.92  |2 23 
100 1 |a Siddiqui, Kamal  |e author  |4 aut 
245 1 0 |a Bangladesh studies :  |b towards a multi-disciplinary understanding of Bangladesh /  |c Kamal Siddiqui. 
260 |a Dhaka, Bangladesh :  |b Academic Press and Publishers Library,  |c 2025. 
300 |a xx, 623 pages :  |c 22 cm 
504 |a Includes bibliographical references. 
526 |a RS (GenEd)  |x Syed M Hashemi, PhD Professor School of General Education BRAC University Course Name : Emergence of Bangladesh (EMB 101) 
541 |a Karim International  |e 44827 
651 0 |a Bangladesh  |x History. 
651 0 |a Bangladesh  |v Miscellanea.  |9 59425 
655 |a History. 
942 |2 ddc  |c BK 
999 |c 47554  |d 47554 
952 |0 0  |1 0  |2 ddc  |4 0  |6 954_920000000000000_SID  |7 0  |9 78231  |a SCL  |b SCL  |c GEN  |d 2025-09-18  |e Karim International  |g 527.40  |l 0  |o 954.92 SID  |p 3020044841  |r 2025-09-18  |t 15  |v 1054.80  |w 2025-09-18  |y BK  |x Requisitioned by Syed M Hashemi, PhD (Professor, School of General Education, BRAC University) for the course named- "Emergence of Bangladesh (EMB 101)" 
952 |0 0  |1 0  |2 ddc  |4 0  |6 954_920000000000000_SID  |7 0  |9 78232  |a SCL  |b SCL  |c GEN  |d 2025-09-18  |e Karim International  |g 527.40  |l 0  |o 954.92 SID  |p 3020044835  |r 2025-09-18  |t 9  |v 1054.80  |w 2025-09-18  |y BK  |x Requisitioned by Syed M Hashemi, PhD (Professor, School of General Education, BRAC University) for the course named- "Emergence of Bangladesh (EMB 101)" 
952 |0 0  |1 0  |2 ddc  |4 0  |6 954_920000000000000_SID  |7 0  |9 78233  |a SCL  |b SCL  |c GEN  |d 2025-09-18  |e Karim International  |g 527.40  |l 0  |o 954.92 SID  |p 3020044837  |r 2025-09-18  |t 11  |v 1054.80  |w 2025-09-18  |y BK  |x Requisitioned by Syed M Hashemi, PhD (Professor, School of General Education, BRAC University) for the course named- "Emergence of Bangladesh (EMB 101)" 
952 |0 0  |1 0  |2 ddc  |4 0  |6 954_920000000000000_SID  |7 0  |9 78234  |a SCL  |b SCL  |c GEN  |d 2025-09-18  |e Karim International  |g 527.40  |l 1  |o 954.92 SID  |p 3020044829  |r 2025-12-23  |s 2025-12-16  |t 3  |v 1054.80  |w 2025-09-18  |y BK  |x Requisitioned by Syed M Hashemi, PhD (Professor, School of General Education, BRAC University) for the course named- "Emergence of Bangladesh (EMB 101)" 
952 |0 0  |1 0  |2 ddc  |4 0  |6 954_920000000000000_SID  |7 0  |9 78235  |a SCL  |b SCL  |c GEN  |d 2025-09-18  |e Karim International  |g 527.40  |l 1  |m 1  |o 954.92 SID  |p 3020044830  |r 2025-12-29  |s 2025-12-27  |t 4  |v 1054.80  |w 2025-09-18  |y BK  |x Requisitioned by Syed M Hashemi, PhD (Professor, School of General Education, BRAC University) for the course named- "Emergence of Bangladesh (EMB 101)" 
952 |0 0  |1 0  |2 ddc  |4 0  |6 954_920000000000000_SID  |7 0  |9 78236  |a SCL  |b SCL  |c GEN  |d 2025-09-18  |e Karim International  |g 527.40  |l 0  |o 954.92 SID  |p 3020044836  |r 2025-09-18  |t 10  |v 1054.80  |w 2025-09-18  |y BK  |x Requisitioned by Syed M Hashemi, PhD (Professor, School of General Education, BRAC University) for the course named- "Emergence of Bangladesh (EMB 101)" 
952 |0 0  |1 0  |2 ddc  |4 0  |6 954_920000000000000_SID  |7 0  |9 78237  |a SCL  |b SCL  |c GEN  |d 2025-09-18  |e Karim International  |g 527.40  |l 0  |o 954.92 SID  |p 3020044831  |r 2025-09-18  |t 5  |v 1054.80  |w 2025-09-18  |y BK  |x Requisitioned by Syed M Hashemi, PhD (Professor, School of General Education, BRAC University) for the course named- "Emergence of Bangladesh (EMB 101)" 
952 |0 0  |1 0  |2 ddc  |4 0  |6 954_920000000000000_SID  |7 0  |9 78238  |a SCL  |b SCL  |c GEN  |d 2025-09-18  |e Karim International  |g 527.40  |l 1  |o 954.92 SID  |p 3020044828  |r 2025-12-20  |s 2025-12-19  |t 2  |v 1054.80  |w 2025-09-18  |y BK  |x Requisitioned by Syed M Hashemi, PhD (Professor, School of General Education, BRAC University) for the course named- "Emergence of Bangladesh (EMB 101)" 
952 |0 0  |1 0  |2 ddc  |4 0  |6 954_920000000000000_SID  |7 0  |9 78239  |a SCL  |b SCL  |c GEN  |d 2025-09-18  |e Karim International  |g 527.40  |l 0  |o 954.92 SID  |p 3020044827  |r 2025-09-18  |t 1  |v 1054.80  |w 2025-09-18  |y BK  |x Requisitioned by Syed M Hashemi, PhD (Professor, School of General Education, BRAC University) for the course named- "Emergence of Bangladesh (EMB 101)" 
952 |0 0  |1 0  |2 ddc  |4 0  |6 954_920000000000000_SID  |7 0  |9 78240  |a SCL  |b SCL  |c GEN  |d 2025-09-18  |e Karim International  |g 527.40  |l 0  |o 954.92 SID  |p 3020044832  |r 2025-09-18  |t 6  |v 1054.80  |w 2025-09-18  |y BK  |x Requisitioned by Syed M Hashemi, PhD (Professor, School of General Education, BRAC University) for the course named- "Emergence of Bangladesh (EMB 101)" 
952 |0 0  |1 0  |2 ddc  |4 0  |6 954_920000000000000_SID  |7 0  |9 78241  |a SCL  |b SCL  |c GEN  |d 2025-09-18  |e Karim International  |g 527.40  |l 1  |m 1  |o 954.92 SID  |p 3020044839  |r 2025-12-29  |s 2025-12-18  |t 13  |v 1054.80  |w 2025-09-18  |y BK  |x Requisitioned by Syed M Hashemi, PhD (Professor, School of General Education, BRAC University) for the course named- "Emergence of Bangladesh (EMB 101)" 
952 |0 0  |1 0  |2 ddc  |4 0  |6 954_920000000000000_SID  |7 0  |9 78242  |a SCL  |b SCL  |c GEN  |d 2025-09-18  |e Karim International  |g 527.40  |l 1  |o 954.92 SID  |p 3020044838  |r 2025-12-29  |s 2025-12-19  |t 12  |v 1054.80  |w 2025-09-18  |y BK  |x Requisitioned by Syed M Hashemi, PhD (Professor, School of General Education, BRAC University) for the course named- "Emergence of Bangladesh (EMB 101)" 
952 |0 0  |1 0  |2 ddc  |4 0  |6 954_920000000000000_SID  |7 0  |9 78243  |a SCL  |b SCL  |c GEN  |d 2025-09-18  |e Karim International  |g 527.40  |l 0  |o 954.92 SID  |p 3020044834  |r 2025-09-18  |t 8  |v 1054.80  |w 2025-09-18  |y BK  |x Requisitioned by Syed M Hashemi, PhD (Professor, School of General Education, BRAC University) for the course named- "Emergence of Bangladesh (EMB 101)" 
952 |0 0  |1 0  |2 ddc  |4 0  |6 954_920000000000000_SID  |7 0  |9 78244  |a SCL  |b SCL  |c GEN  |d 2025-09-18  |e Karim International  |g 527.40  |l 0  |o 954.92 SID  |p 3020044840  |r 2025-09-18  |t 14  |v 1054.80  |w 2025-09-18  |y BK  |x Requisitioned by Syed M Hashemi, PhD (Professor, School of General Education, BRAC University) for the course named- "Emergence of Bangladesh (EMB 101)" 
952 |0 0  |1 0  |2 ddc  |4 0  |6 954_920000000000000_SID  |7 0  |9 78245  |a SCL  |b SCL  |c GEN  |d 2025-09-18  |e Karim International  |g 527.40  |l 0  |o 954.92 SID  |p 3020044833  |r 2025-09-18  |t 7  |v 1054.80  |w 2025-09-18  |y BK  |x Requisitioned by Syed M Hashemi, PhD (Professor, School of General Education, BRAC University) for the course named- "Emergence of Bangladesh (EMB 101)"